000 00579nam a2200217Ia 4500
003 OSt
005 20220928141555.0
006 a|||||r|||| 00| 0
007 ta
008 220927b |||||||| |||| 00| 0 eng d
024 _a16083
037 _cTextual
040 _aSDCL
_cSDCL
_beng
041 _2eng
_aeng
082 _aO142m113, L5
100 _aKostka Edmund
_9500992
245 0 _aGlimpses of Germanic-Salvic relations from Pushkin to Heinrich Mann.
260 _c1975
942 _hO142m113, L5
_cTEXL
_2CC
999 _c818437
_d818437